Nomination of Hon. Gary F. Locke to be Secretary of the U.S. Department of Commerce : hearing before the Committee on Commerce, Science, and Transportation, United States Senate, One Hundred Eleventh Congress, first session, March 18, 2009.

Bibliographic Details
Corporate Author: United States. Congress. Senate. Committee on Commerce, Science, and Transportation
Format: Government Document eBook
Language:English
Published: Washington : U.S. G.P.O., 2010.
Series:S. hrg. ; 111-389
Subjects:
Online Access:Electronic resource (PDF)

MARC

Tag First Indicator Second Indicator Subfields
LEADER 00000cam a22000001a 4500
001 in00004100430
005 20200117091347.0
006 m d f
007 cr bn mmmapmmp
008 100809s2010 dcu o f000 0 eng d
035 |a chdc201001139 
040 |a UMI  |c UMI  |d UtOrBLW 
042 |a pcc 
043 |a n-us--- 
074 |a 1041-A 
086 0 |a Y 4.C 73/7:S.HRG.111-389 
110 1 |a United States.  |b Congress.  |b Senate.  |b Committee on Commerce, Science, and Transportation.  |0 http://id.loc.gov/authorities/names/n81096151 
245 1 0 |a Nomination of Hon. Gary F. Locke to be Secretary of the U.S. Department of Commerce :  |b hearing before the Committee on Commerce, Science, and Transportation, United States Senate, One Hundred Eleventh Congress, first session, March 18, 2009. 
264 1 |a Washington :  |b U.S. G.P.O.,  |c 2010. 
264 2 |a Washington :  |b For sale by the Supt. of Docs., U.S. G.P.O. 
300 |a iii, 83 pages, digital, PDF file. 
336 |a text  |b txt  |2 rdacontent 
337 |a computer  |b c  |2 rdamedia 
338 |a online resource  |b cr  |2 rdacarrier 
490 1 |a S. hrg. ;  |v 111-389 
500 |a Shipping list number: 2010-0248-P. 
500 |a Record is based on bibliographic data in ProQuest Congressional Hearings Digital Collection. Reuse except for individual research requires license from ProQuest, LLC. 
500 |a Electronic resource. 
533 |a Electronic reproduction.  |b [Bethesda, Md.] :  |c ProQuest,  |d 2010.  |e digital, PDF file.  |n ProQuest U.S. Congressional Hearings Digital Collection.  |n Mode of access: World Wide Web via ProQuest website. 
538 |a System requirements: PDF reader software. 
600 1 0 |a Locke, Gary,  |d 1950-  |0 http://id.loc.gov/authorities/names/no99030743 
610 1 0 |a United States.  |b Department of Commerce.  |b Office of the Secretary  |x Officials and employees  |x Selection and appointment. 
776 0 8 |i Print version:   |a United States. Congress. Senate. Committee on Commerce, Science, and Transportation.  |t Nomination of Hon. Gary F. Locke to be Secretary of the U.S. Department of Commerce  |w 9780160857744  |w 0160857740  |w (OCoLC)613211896  |z 2010443158 
776 0 8 |i Microfiche version:   |a United States. Congress. Senate. Committee on Commerce, Science, and Transportation.  |t Nomination of Hon. Gary F. Locke to be Secretary of the U.S. Department of Commerce  |d [Bethesda, Md.] : ProQuest,[2010]  |o CIS 2010 S261-10  |w (ProQuest)cis01002843  
810 1 |a United States.  |b Congress.  |b Senate.  |t S. hrg. ;  |v 111-389.  |0 http://id.loc.gov/authorities/names/n83707917 
856 4 0 |u http://proxy.library.tamu.edu/login?url=http://search.proquest.com/congcomp/getdoc?HEARING-ID=HRG-2009-CST-0018  |y Electronic resource (PDF)  |t 0 
998 |a cis01002843  
999 f f |s c5da312a-a8ea-3139-98a2-807d2c7adfd1  |i 06885d00-35fc-3e64-9f3a-43895d27e41e  |t 0 
952 f f |a Texas A&M University  |b College Station  |c Electronic Resources  |d Available Online  |t 0  |e Y 4.C 73/7:S.HRG.111-389  |h Superintendent of Documents classification 
998 f f |a Y 4.C 73/7:S.HRG.111-389  |t 0  |l Available Online